Návrh zavedenia novej wellness služby vo vybranom podniku bakalárska práca

Guardado en:
Detalles Bibliográficos
Autor principal: Petrovičová, Darina
Autor Corporativo: Obchodná fakulta EU. Katedra cestovného ruchu
Otros Autores: Veszprémi Sirotková, Anna, 1966-
Formato: Libro
Lenguaje:eslovaco
Publicado: Bratislava 2025
Etiquetas: Agregar Etiqueta
Sin Etiquetas, Sea el primero en etiquetar este registro!

MARC

LEADER 00000nbm a2200000 4500
001 0311189
005 20251112134916.4
041 0 |a slo 
044 |a SK 
245 1 0 |a Návrh zavedenia novej wellness služby vo vybranom podniku  |b bakalárska práca  |c Darina Petrovičová ; školiteľ: Anna Veszprémi Sirotková 
264 1 |a Bratislava  |c 2025 
300 |a 50 s. 
100 1 |a Petrovičová, Darina 
700 1 |a Veszprémi Sirotková, Anna, 1966- 
710 2 |a Obchodná fakulta EU. Katedra cestovného ruchu